Logo BPK

Biblioteka

Politechniki Koszalińskiej

Design of steel-structures / (Rekord nr 12479)

Szczegóły MARC
000 -ETYKIETA REKORDU
podpole kontrolne o stałej długości 00483nam a2200181 i 4500
001 - NUMER KONTROLNY REKORDU
pole kontrolne bg
040 ## - ŹRÓDŁO KATALOGOWANIA
Instytucja, która utworzyła rekord BPK
041 ## - KOD JĘZYKA
Kod języka tekstu pol
080 ## - UNIWERSALNA KLASYFIKACJA DZIESIĘTNA - UKD
UKD 624.014:624.07
008 - POLE O STAŁEJ DŁUGOŚCI - DANE KONTROLNE
podpole kontrolne o stałej długości s pl f |000 0 pol
100 1# - NAZWA OSOBOWA
Nazwa osobowa BRESLER, Boris
245 #0 - TYTUŁ/ODPOWIEDZIALNOŚĆ
Tytuł Design of steel-structures /
Pozostałe elementy strefy tytułu i oznaczenia odpowiedzialności Boris Bresler, T.Y. Lin, John B. Scalzi.
260 ## - STREFA ADRESU WYDAWNICZEGO
Miejsce wydania New York :
Nazwa wydawcy/dystrybutora John Wiley,
Data publikacji, dystrybucji/powstania dokumentu 1968.
650 #9 - HASŁO PRZEDMIOTOWE W FORMIE NAZWY OGÓLNEJ LUB JEDNOSTKOWEJ
Nazwa ogólna lub geograficzna Konstrukcje budowlane
Określnik ogólny teoria
700 1# - HASŁO DODATKOWE - NAZWA OSOBOWA
Nazwa osobowa LIN, T. Y.
700 1# - HASŁO DODATKOWE - NAZWA OSOBOWA
Nazwa osobowa SCALZI, John B.
856 ## - LOKALIZACJA I DOSTĘP DO ELEKTRONICZNYCH DOKUMENTÓW ZDALNYCH
Link (URL) http://koha.tu.koszalin.pl/cgi-bin/koha/opac-detail.pl?biblionumber=12479
Tekst linku Katalog online BPK
942 ## - DODATKOWE ELEMENTY (KOHA)
Typ dokumentu Książka
Egzemplarze
Wycofany Status egzemplarza Uszkodzony Dostępność Lokalizacja stała Lokalizacja bieżąca Miejsce przechowywania Sygnatura Kod kreskowy Status: wypożyczony Ostatnio wypożyczono Typ dokumentu
      Dostępny Biblioteka Politechniki Koszalińskiej Biblioteka Politechniki Koszalińskiej Wypożyczalnia BG 6966 01277838 26.11.2025 02.09.2019 Książka
© 2023 Biblioteka Politechniki Koszalińskiej :: KOHA